书目信息 |
| 题名: |
建筑·室内·景观手绘表现精选
|
|
| 作者: | ;中国建筑学会室内设计分会 编 | |
| 分册: | 6 | |
| 出版信息: | 北京 中国水利水电出版社 2016.1 |
|
| 页数: | 125页 | |
| 开本: | 29cm | |
| 丛书名: | ||
| 单 册: | ||
| 中图分类: | TU-881.2 | |
| 科图分类: | ||
| 主题词: | 建筑画--作品集--中国--现代 | |
| 电子资源: | ||
| ISBN: | 978-7-5170-3716-3 | |
| 000 | 00974nam0 2200241 450 | |
| 001 | 0400009440 | |
| 005 | 20171121101556.35 | |
| 010 | @a978-7-5170-3716-3@dCNY39.00 | |
| 100 | @a20160109d2016 em y0chiy50 ea | |
| 101 | 0 | @achi |
| 102 | @aCN@b110000 | |
| 105 | @aa z 000yy | |
| 106 | @ar | |
| 200 | 1 | @a建筑·室内·景观手绘表现精选@Ajian zhu · shi nei · jing guan shou hui biao xian jing xuan@eCIID中国手绘艺术大赛作品集@h6@f中国建筑学会室内设计分会编 |
| 210 | @a北京@c中国水利水电出版社@d2016.1 | |
| 215 | @a125页@d29cm | |
| 330 | @a本书将2015年获奖作品予以整理分类,并特别对一、二、三等奖予以了重点点评和展现,以供设计师多交流。 | |
| 517 | 1 | @aCIID中国手绘艺术大赛作品集@ACIID zhong guo shou hui yi shu da sai zuo pin ji |
| 606 | 0 | @a建筑画@x作品集@y中国@z现代 |
| 690 | @aTU-881.2@v5 | |
| 711 | 02 | @a中国建筑学会室内设计分会@Azhong guo jian zhu xue hui shi nei she ji fen hui@4编 |
| 801 | 0 | @aCN@b上海新华@c20171121 |
| 905 | @b1028887-91@dTU-881.2@e870:6@f5 | |
| 建筑·室内·景观手绘表现精选:CIID中国手绘艺术大赛作品集.6/中国建筑学会室内设计分会编.-北京:中国水利水电出版社,2016.1 |
| 125页;29cm |
| ISBN 978-7-5170-3716-3:CNY39.00 |
| 本书将2015年获奖作品予以整理分类,并特别对一、二、三等奖予以了重点点评和展现,以供设计师多交流。 |
| ● |
| 相关链接 |
|
|
|
|
正题名:建筑·室内·景观手绘表现精选
索取号:TU-881.2/870:6
 
预约/预借
| 序号 | 登录号 | 条形码 | 馆藏地/架位号 | 状态 | 备注 |
| 1 | 1028887 | 210288874 | 第二样本阅览室/ [索取号:TU-881.2/870:6] | 在馆 | |
| 2 | 1028888 | 210288883 | 密集书库-生命科学系/ [索取号:TU-881.2/870:6] | 在馆 | |
| 3 | 1028889 | 210288892 | 第三借阅区/ [索取号:TU-881.2/870:6] | 在馆 | |
| 4 | 1028890 | 210288909 | 第三借阅区/ [索取号:TU-881.2/870:6] | 在馆 | |
| 5 | 1028891 | 210288918 | 第三借阅区/ [索取号:TU-881.2/870:6] | 在馆 |